000 00368nam a2200133Ia 4500
008 220204s9999 xx 000 0 und d
082 _a031
_bKWO;1
100 _aKwon, Ik-Whan
245 0 _aStatistical decision theory with business and economic applications
260 _aNew York
_bPetrocelli
_c1978
650 _aDistribution
650 _aProbability
942 _cBK
999 _c30448
_d30448